000 00259nam a22001217a 4500
008 171123b xxu||||| |||| 00| 0 eng d
041 _aeng
080 _a62
100 _a27
101 _aMEK
245 _aELECTRONICS CIRKUIT
_cEDWIN.C.L
942 _2udc
_cBK
999 _c38403
_d38403